| 000 | 01993nam0a2200385 4500 | ||
|---|---|---|---|
| 001 | RU\NLR\BIBL_A\022679806 | ||
| 005 | 20260409003056.0 | ||
| 010 |
_a978-5-6052467-0 _9300 |
||
| 035 | _a(NLR Aleph) 022679806 | ||
| 090 |
_a13649666 _c13649666 |
||
| 100 | _a20251204d2025 k y0rusy50 ca | ||
| 101 | 0 |
_arus _aeng |
|
| 102 | _aRU | ||
| 105 | _aа z 000yy | ||
| 181 | 0 |
_ai _baxxe |
|
| 182 | 0 | _an | |
| 200 | 1 |
_aГнездилово под Суздалем _dGnezdilovo near Suzdal _eнеукрепленное поселение X - XI веков в Северо-Восточной Руси _fВ. А. Лапшин _zeng |
|
| 203 |
_aТекст _bвизуальный _cнепосредственный |
||
| 210 |
_aСанкт-Петербург _cИИМК РАН _d2025 |
||
| 215 |
_a306, [1] с., [2] л. цв. ил., карта _cил., табл. _d28 |
||
| 225 | 1 |
_aТруды ИИМК РАН _dProceedings of IHMC RAS _fРоссийская академия наук, Институт истории материальной культуры _vт. LXI _zeng |
|
| 300 | _aАвт. также на англ. яз.: V. A. Lapshin | ||
| 300 | _aНа 4-й с. обл. авт.: В. А. Лапшин, д-р ист. наук, археолог | ||
| 300 | _aЧасть текста англ. | ||
| 320 | _aБиблиогр.: с. 283-304 | ||
| 510 | 1 |
_6z20790 _aGnezdilovo near Suzdal _zeng |
|
| 607 |
_aГнездилово, село (Владимирская область) _xАрхеологические исследования _92703465 _3RU\NLR\AUTH\6601768536 |
||
| 686 | 1 | _aТ4(2)431.93А/Я | |
| 686 | 1 | _aТ4(2Р344-4Вл) | |
| 700 | 1 |
_7ca _8rus _aЛапшин _bВ. А. _cд-р ист. наук _f1951- _gВладимир Анатольевич _980688 _3RU\NLR\AUTH\7797762 |
|
| 790 | 1 |
_7ba _8rus _aLapšin _bV. A. _cд-р ист. наук _f1951- _gVladimir Anatol'evič _980689 _3RU\NLR\AUTH\7797763 |
|
| 942 | _cBOOK | ||
| 980 | _aNB | ||